000 00528nam a2200181 i 4500
001 98759
003 ES-MaACL
005 20230906182357.0
007 t|
008 051024q19001999xxr ||||1| rus d
100 1 _aElpatbebski, K. B.
_947095
245 1 0 _aUchebnit Russhoi istori sostabil /
_cK. B. Elpatbebski.
260 _aKolomea :
_bIsdatelsbo A. Orenchteina,
_c[19-?]
300 _aVI, 474 p. ;
_c22 cm.
500 _aTexto en caracteres cirĂ­licos.
651 4 _aRusia-
_xHistoria.
_99330
852 _aES-MaACL
_jF-5554
999 _c98759
_d98759